[Event "GER-ch Net blitz qual4"]
[Site "Playchess.com INT"]
[Date "2020.03.23"]
[Round "5"]
[White "Helmer, Jan"]
[Black "Serbu, Daniel Elias"]
[Result "1-0"]
[WhiteElo "2010"]
[BlackElo "2224"]
[PlyCount "119"]
[EventDate "2020.03.23"]
[EventType "swiss (blitz)"]
[EventRounds "9"]
[EventCountry "GER"]
[SourceTitle "CBM 195 Extra"]
[Source "ChessBase"]
[SourceDate "2020.05.31"]
[SourceVersion "1"]
[SourceVersionDate "2020.05.31"]
[SourceQuality "1"]

1. Nf3 Nf6 2. d4 g6 3. Nc3 d5 4. Bf4 Bg7 5. Qd2 0-0 6. Bh6 c6 7. Bxg7 Kxg7 8. Ne5 Nbd7 9. Nxd7 Bxd7 10. e3 Qb6 11. Na4 Qc7 12. c4 Ne4 13. Qc2 Qa5+ 14. Nc3 Rac8 15. f3 Nxc3 16. Qxc3 Qxc3+ 17. bxc3 dxc4 18. Bxc4 Rfd8 19. Kf2 c5 20. Rhc1 cxd4 21. cxd4 Bc6 22. Be2 f6 23. Rab1 Bd5 24. Rxc8 Rxc8 25. Rb2 Bc6 26. e4 e6 27. Ke3 Kf7 28. Bb5 Bxb5 29. Rxb5 Rc7 30. Kd3 Ke7 31. a4 Kd6 32. f4 b6 33. a5 Kc6 34. axb6 axb6 35. Rb3 b5 36. Rc3+ Kb6 37. Rxc7 Kxc7 38. Kc3 Kc6 39. Kb4 Kb6 40. g4 Kc6 41. Ka5 h6 42. h4 h5 43. g5 fxg5 44. fxg5 e5 45. dxe5 Kc5 46. e6 Kd6 47. Kxb5 Kxe6 48. Kc4 Ke5 49. Kd3 Kf4 50. Kd4 Kg4 51. e5 Kxh4 52. e6 Kxg5 53. e7 h4 54. e8Q h3 55. Qe5+ Kh4 56. Qh2 g5 57. Ke4 g4 58. Kf4 g3 59. Qxg3+ Kh5 60. Qg5# 1-0

[Event "GER-ch Net blitz qual4"]
[Site "Playchess.com INT"]
[Date "2020.03.23"]
[Round "2"]
[White "Serbu, Daniel Elias"]
[Black "NN"]
[Result "1-0"]
[WhiteElo "2224"]
[BlackElo "1631"]
[PlyCount "49"]
[EventDate "2020.03.23"]
[EventType "swiss (blitz)"]
[EventRounds "9"]
[EventCountry "GER"]
[SourceTitle "CBM 195 Extra"]
[Source "ChessBase"]
[SourceDate "2020.05.31"]
[SourceVersion "1"]
[SourceVersionDate "2020.05.31"]
[SourceQuality "1"]

1. e4 c5 2. c3 d5 3. exd5 Nf6 4. d4 cxd4 5. cxd4 Nxd5 6. Nc3 e6 7. Nf3 Be7 8. Bd3 0-0 9. 0-0 Nxc3 10. bxc3 Qc7 11. Bd2 b6 12. Ne5 Bb7 13. Qh5 g6 14. Qh6 Nd7 15. Rae1 Bf6 16. Ng4 Bg7 17. Qh4 Rae8 18. Bh6 e5 19. Bxg7 Kxg7 20. Qh6+ Kg8 21. Re3 f5 22. Rh3 Rf7 23. Ne3 exd4 24. Bc4 dxe3 25. Qxh7+ 1-0

[Event "GER-ch Net blitz qual2"]
[Site "Playchess.com INT"]
[Date "2020.03.16"]
[Round "3"]
[White "Heinrich, Thomas"]
[Black "Serbu, Daniel Elias"]
[Result "1-0"]
[WhiteElo "2172"]
[BlackElo "2425"]
[PlyCount "99"]
[EventDate "2020.03.16"]
[EventType "swiss (blitz)"]
[EventRounds "9"]
[EventCountry "GER"]
[SourceTitle "CBM 195 Extra"]
[Source "ChessBase"]
[SourceDate "2020.05.31"]
[SourceVersion "1"]
[SourceVersionDate "2020.05.31"]
[SourceQuality "1"]

1. d4 Nf6 2. Nf3 g6 3. Bf4 Bg7 4. h3 0-0 5. e3 d5 6. Be2 c5 7. c3 cxd4 8. exd4 Nc6 9. 0-0 Qb6 10. Qb3 Qxb3 11. axb3 a6 12. Nbd2 Bf5 13. Rfe1 Rfe8 14. b4 h6 15. Bf1 Ne4 16. Nb3 Rad8 17. Nfd2 g5 18. Bc7 Rc8 19. Bh2 Nxd2 20. Nxd2 e5 21. dxe5 Nxe5 22. Nb3 Nc4 23. Bxc4 dxc4 24. Nc5 Rxe1+ 25. Rxe1 b5 26. g4 Bd3 27. Re3 Bc2 28. Be5 Rc6 29. Kf1 a5 30. Bxg7 Kxg7 31. Ke2 axb4 32. cxb4 Rd6 33. Re7 Kf6 34. Rb7 Bd1+ 35. Ke3 Rd5 36. Rxb5 Re5+ 37. Ne4+ Ke6 38. Rxe5+ Kxe5 39. b5 Ba4 40. b6 Bc6 41. Nc5 Kd6 42. b7 Kc7 43. Kd4 Bg2 44. Kxc4 Bxh3 45. Kb5 Bxg4 46. Ka6 Bf3 47. b4 h5 48. b5 h4 49. b6+ Kb8 50. Nd7# 1-0

[Event "GER-ch Net blitz qual2"]
[Site "Playchess.com INT"]
[Date "2020.03.16"]
[Round "6"]
[White "Serbu, Daniel Elias"]
[Black "Frischmann, Rick"]
[Result "1-0"]
[WhiteElo "2425"]
[BlackElo "2335"]
[PlyCount "77"]
[EventDate "2020.03.16"]
[EventType "swiss (blitz)"]
[EventRounds "9"]
[EventCountry "GER"]
[SourceTitle "CBM 195 Extra"]
[Source "ChessBase"]
[SourceDate "2020.05.31"]
[SourceVersion "1"]
[SourceVersionDate "2020.05.31"]
[SourceQuality "1"]

1. e4 c6 2. d4 d5 3. exd5 cxd5 4. Bd3 Nc6 5. c3 Nf6 6. Bf4 g6 7. Qd2 Nh5 8. Bh6 e5 9. Bxf8 Kxf8 10. dxe5 Nxe5 11. Be2 Qf6 12. Na3 Nf4 13. 0-0-0 Be6 14. Nb5 Kg7 15. Nd4 Rac8 16. Kb1 Rhe8 17. Bb5 Bd7 18. Bxd7 Nxd7 19. g3 Ne6 20. Nge2 Nec5 21. Nf4 Ne4 22. Qc2 Nb6 23. Rhe1 Re7 24. f3 Nd6 25. Rxe7 Qxe7 26. Qe2 Qf6 27. Qd3 Ndc4 28. Re1 Qd8 29. Nde6+ fxe6 30. Nxe6+ Kf6 31. Nxd8 Rxd8 32. Qd4+ Kf7 33. b3 Na3+ 34. Kb2 Nb5 35. Qc5 Nd6 36. Qd4 Rd7 37. g4 Ne8 38. Qe5 Nc7 39. Qh8 1-0

[Event "GER-ch Net blitz qual2"]
[Site "Playchess.com INT"]
[Date "2020.03.16"]
[Round "9"]
[White "Serbu, Daniel Elias"]
[Black "Kornitzky, Tino"]
[Result "0-1"]
[WhiteElo "2425"]
[BlackElo "2137"]
[PlyCount "76"]
[EventDate "2020.03.16"]
[EventType "swiss (blitz)"]
[EventRounds "9"]
[EventCountry "GER"]
[SourceTitle "CBM 195 Extra"]
[Source "ChessBase"]
[SourceDate "2020.05.31"]
[SourceVersion "1"]
[SourceVersionDate "2020.05.31"]
[SourceQuality "1"]

1. e4 d5 2. exd5 Qxd5 3. Nc3 Qa5 4. d4 Nf6 5. Nf3 Bg4 6. h3 Bxf3 7. Qxf3 c6 8. Bc4 e6 9. Bd2 Qb6 10. 0-0-0 Qxd4 11. Bb3 Qb6 12. Rhe1 Be7 13. g4 Nbd7 14. g5 Nd5 15. Nxd5 cxd5 16. Be3 Qc6 17. Kb1 0-0 18. h4 a5 19. c3 a4 20. Bc2 a3 21. Bd4 g6 22. h5 Bxg5 23. hxg6 fxg6 24. Qh3 Rae8 25. Rg1 e5 26. Rxg5 exd4 27. Rdg1 Rf6 28. Bxg6 Rxg6 29. Rxg6+ hxg6 30. Qh6 Nf8 31. Rh1 Qf6 32. Rh4 Re4 33. Rh3 Re1+ 34. Kc2 Qf5+ 35. Kb3 axb2 36. Kxb2 Rb1+ 37. Ka3 Qf6 38. c4 Qa6# 0-1

[Event "GER-ch Net blitz qual1"]
[Site "Playchess.com INT"]
[Date "2020.03.07"]
[Round "5"]
[White "Serbu, Daniel Elias"]
[Black "Koch, Yannick"]
[Result "1-0"]
[WhiteElo "2571"]
[BlackElo "2080"]
[PlyCount "141"]
[EventDate "2020.03.07"]
[EventType "swiss (blitz)"]
[EventRounds "9"]
[EventCountry "GER"]
[SourceTitle "CBM 195 Extra"]
[Source "ChessBase"]
[SourceDate "2020.05.31"]
[SourceVersion "1"]
[SourceVersionDate "2020.05.31"]
[SourceQuality "1"]

1. e4 c5 2. c3 d5 3. exd5 Qxd5 4. d4 Nf6 5. Nf3 e6 6. Be3 cxd4 7. cxd4 Nc6 8. Nc3 Qd6 9. Bd3 Be7 10. 0-0 0-0 11. Rc1 Nb4 12. Bb1 a6 13. a3 Nbd5 14. Qd3 Rd8 15. Ne5 b5 16. Ne4 Qb6 17. Nc6 Re8 18. Nxf6+ Nxf6 19. d5 Qc7 20. Nxe7+ Qxe7 21. Bg5 exd5 22. Bxf6 Qxf6 23. Qxh7+ Kf8 24. Rfe1 Be6 25. Rc3 Qh6 26. Qxh6 gxh6 27. Rc7 Rec8 28. Rec1 Rxc7 29. Rxc7 Rc8 30. Rxc8+ Bxc8 31. f4 Ke7 32. Kf2 Kd6 33. Ke3 Kc5 34. Bd3 d4+ 35. Kd2 a5 36. g3 Be6 37. Kc2 Bc4 38. Kd2 Be6 39. Ke2 Bd5 40. h4 Be6 41. Kd2 Bg4 42. Be4 b4 43. Bd3 bxa3 44. bxa3 Be6 45. Ke2 Bd5 46. Kd2 Bf3 47. Kc2 Bd5 48. g4 Bf3 49. g5 hxg5 50. fxg5 Bh5 51. Bf5 Kc4 52. Bd3+ Kc5 53. Kd2 Kd5 54. Bf5 Kc4 55. Bc2 Kc5 56. Bd3 Kd5 57. Bf5 Kc5 58. Bd7 Kc4 59. Kc2 d3+ 60. Kd2 Bg6 61. Bg4 Kb3 62. h5 Be4 63. h6 Kxa3 64. Bh5 Kb2 65. Bxf7 a4 66. g6 a3 67. g7 Bh7 68. g8Q Bxg8 69. Bxg8 a2 70. Bxa2 Kxa2 71. h7 1-0

[Event "GER-ch Net blitz qual1"]
[Site "Playchess.com INT"]
[Date "2020.03.07"]
[Round "9"]
[White "Serbu, Daniel Elias"]
[Black "Kosovska, Olena"]
[Result "0-1"]
[WhiteElo "2571"]
[BlackElo "1881"]
[PlyCount "52"]
[EventDate "2020.03.07"]
[EventType "swiss (blitz)"]
[EventRounds "9"]
[EventCountry "GER"]
[SourceTitle "CBM 195 Extra"]
[Source "ChessBase"]
[SourceDate "2020.05.31"]
[SourceVersion "1"]
[SourceVersionDate "2020.05.31"]
[SourceQuality "1"]

1. e4 c5 2. c3 Nc6 3. d4 cxd4 4. cxd4 d5 5. exd5 Qxd5 6. Nf3 e5 7. Nc3 Bb4 8. Bd2 Bxc3 9. Bxc3 Bg4 10. dxe5 Qe4+ 11. Be2 Nge7 12. 0-0 Rd8 13. Qe1 0-0 14. h3 Bf5 15. Rd1 Ng6 16. Rxd8 Rxd8 17. Bb5 Nf4 18. Qxe4 Bxe4 19. Kh2 a6 20. Bc4 Bxf3 21. gxf3 b5 22. Bb3 b4 23. Be1 a5 24. a3 bxa3 25. bxa3 Rd3 26. a4 Rxb3 0-1